[Event "ThanksGibbons A"]
[Site "Winnipeg CAN"]
[Date "2006.10.20"]
[Round "1"]
[White "Boron, Anthony"]
[Black "Oberton, Daniel"]
[Result "0-1"]
[WhiteElo "1977"]
[BlackElo "1866"]
[PlyCount "130"]
[EventDate "2006.10.20"]
[EventType "tourn"]
[EventRounds "5"]
[EventCountry "CAN"]

1. d4 Nf6 2. Nf3 g6 3. Nc3 Bg7 4. e4 d6 5. Be3 O-O 6. Qd2 Nbd7 7. O-O-O c6 8.
h3 Qa5 9. Kb1 Re8 10. Bd3 e5 11. g4 exd4 12. Nxd4 Nc5 13. Be2 Be6 14. Nxe6 Rxe6
15. Bc4 Ree8 16. Rhe1 Qb4 17. Bb3 Nxb3 18. axb3 Re6 19. f3 a5 20. Qd3 a4 21.
Na2 Qa5 22. b4 Qc7 23. Bd4 c5 24. Bc3 c4 25. Qd2 b5 26. Qg5 Qc6 27. Qf4 a3 28.
Qc1 axb2 29. Qxb2 Ne8 30. Bxg7 Nxg7 31. Nc3 Ne8 32. Nd5 Ra6 33. h4 Qa8 34. h5
Ra3 35. hxg6 fxg6 36. Rh1 Ra7 37. Nf4 Rf6 38. Nd5 Rxf3 39. Rhf1 Raf7 40. Rxf3
Rxf3 41. Ne7+ Kf7 42. Nd5 Qa3 43. Qxa3 Rxa3 44. Kb2 Ra7 45. Rh1 Kg7 46. Rd1 Kh6
47. Nc3 Rb7 48. Rd5 Kg7 49. g5 h6 50. gxh6+ Kxh6 51. Kc1 g5 52. Nxb5 g4 53.
Nxd6 Nxd6 54. Rxd6+ Kg5 55. c3 g3 56. Rd1 Kf4 57. Rg1 Kf3 58. Kd2 Kf2 59. Ra1
g2 60. b5 Rd7+ 61. Kc2 g1=Q 62. Rxg1 Kxg1 63. e5 Rd5 64. e6 Rxb5 65. Kd2 Re5
0-1

[Event "ThanksGibbons A"]
[Site "Winnipeg CAN"]
[Date "2006.10.20"]
[Round "1"]
[White "Nikouline, Alexandre"]
[Black "Zaczek, Jonathan"]
[Result "1-0"]
[WhiteElo "2037"]
[BlackElo "2073"]
[PlyCount "53"]
[EventDate "2006.10.20"]
[EventType "tourn"]
[EventRounds "5"]
[EventCountry "CAN"]

1. e4 c5 2. Nf3 d6 3. d4 cxd4 4. Nxd4 Nf6 5. Nc3 a6 6. Bg5 e6 7. f4 b5 8. e5
dxe5 9. fxe5 Qc7 10. exf6 Qe5+ 11. Be2 Qxg5 12. O-O Ra7 13. Qd3 Rd7 14. Ne4 Qe5
15. Nf3 Qxb2 16. Qe3 Bb7 17. a4 Qxc2 18. Nfg5 b4 19. Rac1 Qb2 20. Qa7 Nc6 21.
Rxc6 Bxc6 22. Qb8+ Rd8 23. Qc7 Bd7 24. Nd6+ Bxd6 25. Qxd6 gxf6 26. Bh5 Rf8 27.
Nxe6 1-0

[Event "ThanksGibbons A"]
[Site "Winnipeg CAN"]
[Date "2006.10.20"]
[Round "1"]
[White "Tang, Edward"]
[Black "Kaptsan, Aron"]
[Result "1-0"]
[WhiteElo "1962"]
[BlackElo "1910"]
[PlyCount "63"]
[EventDate "2006.10.20"]
[EventType "tourn"]
[EventRounds "5"]
[EventCountry "CAN"]

1. d4 Nf6 2. c4 e6 3. Nc3 Bb4 4. Qc2 d5 5. cxd5 exd5 6. Bg5 h6 7. Bxf6 Qxf6 8.
a3 Bxc3+ 9. Qxc3 O-O 10. e3 c6 11. Nf3 Bf5 12. Be2 Nd7 13. b4 Be4 14. O-O Qe7
15. a4 Rfc8 16. Rfc1 Qd6 17. Nd2 Bf5 18. Nb3 Nf6 19. Nc5 Qe7 20. Qb2 Ne4 21.
Bf1 Nxc5 22. Rxc5 Qd6 23. Rac1 Bd7 24. Bd3 Re8 25. R1c2 Qe6 26. b5 cxb5 27.
axb5 a6 28. bxa6 bxa6 29. h3 Reb8 30. Qa2 Qf6 31. Qxd5 Be6 32. Qc6 1-0

[Event "ThanksGibbons A"]
[Site "Winnipeg CAN"]
[Date "2006.10.21"]
[Round "2"]
[White "Nikouline, Alexandre"]
[Black "Boron, Anthony"]
[Result "0-1"]
[WhiteElo "2037"]
[BlackElo "1977"]
[PlyCount "35"]
[EventDate "2006.10.20"]
[EventType "tourn"]
[EventRounds "5"]
[EventCountry "CAN"]

1. e4 c5 2. Nf3 Nc6 3. d4 cxd4 4. Nxd4 Nf6 5. Nc3 e6 6. Ndb5 Bb4 7. Nd6+ Ke7 8.
Nxc8+ Rxc8 9. Bd2 d5 10. exd5 Nxd5 11. Qg4 Kf8 12. O-O-O Nf6 13. Qg3 Qa5 14.
Bc4 Nd4 15. Qd3 Rd8 16. Nb5 Bxd2+ 17. Rxd2 Nb3+ 18. Qxb3 0-1

[Event "ThanksGibbons A"]
[Site "Winnipeg CAN"]
[Date "2006.10.21"]
[Round "2"]
[White "Oberton, Daniel"]
[Black "Tang, Edward"]
[Result "1-0"]
[WhiteElo "1866"]
[BlackElo "1962"]
[PlyCount "55"]
[EventDate "2006.10.20"]
[EventType "tourn"]
[EventRounds "5"]
[EventCountry "CAN"]

1. e4 c5 2. Nf3 e6 3. d4 cxd4 4. Nxd4 Nf6 5. Nc3 d6 6. Be2 Be7 7. g4 Nc6 8. Be3
a6 9. Qd2 O-O 10. O-O-O Nd7 11. h4 Nde5 12. g5 b5 13. Nxc6 Nxc6 14. Bd3 Qa5 15.
Kb1 Nb4 16. Rdg1 d5 17. h5 d4 18. Bxd4 e5 19. Be3 Be6 20. g6 Bxa2+ 21. Kc1
Nxd3+ 22. cxd3 b4 23. gxh7+ Kh8 24. Bh6 g6 25. hxg6 fxg6 26. Bg7+ Kxg7 27. Qh6+
Kh8 28. Qxg6 1-0

[Event "ThanksGibbons A"]
[Site "Winnipeg CAN"]
[Date "2006.10.21"]
[Round "2"]
[White "Zaczek, Jonathan"]
[Black "Kaptsan, Aron"]
[Result "0-1"]
[WhiteElo "2073"]
[BlackElo "1910"]
[PlyCount "106"]
[EventDate "2006.10.20"]
[EventType "tourn"]
[EventRounds "5"]
[EventCountry "CAN"]

1. e4 e5 2. Nf3 Nc6 3. Bb5 a6 4. Ba4 Nf6 5. d3 d6 6. c3 Be7 7. Nbd2 b5 8. Bc2
O-O 9. Nf1 d5 10. Qe2 d4 11. a3 Bg4 12. h3 Bxf3 13. Qxf3 a5 14. Ng3 dxc3 15.
bxc3 b4 16. axb4 axb4 17. Rxa8 Qxa8 18. O-O Qa2 19. Bb1 Qe6 20. d4 exd4 21.
cxd4 Nxd4 22. Qe3 c5 23. f4 Qb3 24. Bd3 c4 25. Qxd4 Qxd3 26. Qxd3 cxd3 27. e5
Nd5 28. Rd1 Rc8 29. Bb2 Nxf4 30. Ne4 Rc2 31. Rd2 Rxd2 32. Nxd2 f6 33. exf6 Bxf6
34. Bxf6 gxf6 35. Kf2 Nd5 36. Kf3 Kf7 37. Ke4 Ke6 38. g4 Nb6 39. Nf3 Nc4 40.
Nd4+ Kd6 41. Kxd3 Kd5 42. Nc2 Ne5+ 43. Kd2 b3 44. Ne3+ Kd4 45. Nf5+ Kc4 46.
Ne3+ Kb4 47. Nd1 Ka3 48. Ke3 Ng6 49. Ke4 Ne7 50. h4 h6 51. Kf4 Ka2 52. g5 fxg5+
53. hxg5 h5 0-1

[Event "ThanksGibbons A"]
[Site "Winnipeg CAN"]
[Date "2006.10.21"]
[Round "3"]
[White "Boron, Anthony"]
[Black "Zaczek, Jonathan"]
[Result "0-1"]
[WhiteElo "1977"]
[BlackElo "2073"]
[PlyCount "78"]
[EventDate "2006.10.20"]
[EventType "tourn"]
[EventRounds "5"]
[EventCountry "CAN"]

1. d4 Nf6 2. Nf3 g6 3. Nc3 d5 4. Bf4 Bg7 5. e3 O-O 6. Be2 Bg4 7. Ne5 Bxe2 8.
Qxe2 e6 9. Qb5 Qc8 10. b4 Nbd7 11. h3 c6 12. Qe2 b6 13. O-O c5 14. bxc5 bxc5
15. Na4 Nxe5 16. Bxe5 Ne4 17. Bxg7 Kxg7 18. Rfc1 cxd4 19. exd4 Qc6 20. f3 Qxa4
21. fxe4 Qxd4+ 22. Kh1 Qxe4 23. Qf2 Qf5 24. Qd4+ Qf6 25. Qa4 Qe7 26. Qd4+ f6
27. Re1 Rad8 28. a4 e5 29. Rab1 Rd7 30. Qd3 Rc8 31. Rb5 d4 32. Reb1 Rc3 33. Qe4
f5 34. Qe2 e4 35. Rb8 Rdc7 36. R1b2 Qe5 37. R8b7 d3 38. Qd2 e3 39. Rxc7+ Rxc7
0-1

[Event "ThanksGibbons A"]
[Site "Winnipeg CAN"]
[Date "2006.10.21"]
[Round "3"]
[White "Kaptsan, Aron"]
[Black "Oberton, Daniel"]
[Result "1-0"]
[WhiteElo "1910"]
[BlackElo "1866"]
[PlyCount "103"]
[EventDate "2006.10.20"]
[EventType "tourn"]
[EventRounds "5"]
[EventCountry "CAN"]

1. d4 Nf6 2. c4 g6 3. Nc3 Bg7 4. e4 d6 5. Nf3 O-O 6. Be2 Nbd7 7. O-O e5 8. Re1
exd4 9. Nxd4 a5 10. Bf1 Nc5 11. f3 c6 12. Be3 Qc7 13. Qc2 Re8 14. Rad1 Bd7 15.
Qf2 Rad8 16. Nb3 b6 17. Bf4 Nb7 18. c5 bxc5 19. Nxc5 Bc8 20. Nxb7 Bxb7 21. Be3
Ra8 22. Rd2 d5 23. exd5 Nxd5 24. Nxd5 cxd5 25. Bd4 Bxd4 26. Rxe8+ Rxe8 27. Qxd4
Re1 28. Re2 Qc1 29. Rxe1 Qxe1 30. Qb6 Qb4 31. Qxb4 axb4 32. Kf2 Kf8 33. Ke3 Ke7
34. Kd4 Kd6 35. f4 h6 36. Bd3 g5 37. fxg5 hxg5 38. g3 Bc8 39. h4 gxh4 40. gxh4
Bg4 41. Bf1 Bf3 42. Bh3 f6 43. Bf5 Bh5 44. Bd3 Kc6 45. Bh7 Bf7 46. Bf5 Kd6 47.
Bg4 Bg6 48. h5 Bh7 49. Bf3 f5 50. Bxd5 f4 51. Be4 Bg8 52. h6 1-0

[Event "ThanksGibbons A"]
[Site "Winnipeg CAN"]
[Date "2006.10.21"]
[Round "3"]
[White "Tang, Edward"]
[Black "Nikouline, Alexandre"]
[Result "0-1"]
[WhiteElo "1962"]
[BlackElo "2037"]
[PlyCount "64"]
[EventDate "2006.10.20"]
[EventType "tourn"]
[EventRounds "5"]
[EventCountry "CAN"]

1. d4 Nf6 2. c4 e6 3. Nc3 Bb4 4. Qc2 O-O 5. a3 Bxc3+ 6. Qxc3 b6 7. Nf3 Bb7 8.
e3 d6 9. Be2 Nbd7 10. O-O Ne4 11. Qc2 f5 12. Nd2 Qg5 13. Nf3 Qg6 14. Ne1 Ndf6
15. f3 Ng5 16. Nd3 Nh5 17. Nf4 Nxf4 18. exf4 Nf7 19. b4 e5 20. dxe5 dxe5 21.
fxe5 Nxe5 22. Bb2 Rfe8 23. Qc3 Ng4 24. Rae1 Ne3 25. Rf2 Re7 26. Bf1 Rae8 27.
Rfe2 f4 28. Bc1 Bxf3 29. Rxe3 fxe3 30. Rxe3 Rxe3 31. Bxe3 Qe4 32. Bd4 Be2 0-1

[Event "ThanksGibbons A"]
[Site "Winnipeg CAN"]
[Date "2006.10.22"]
[Round "4"]
[White "Boron, Anthony"]
[Black "Tang, Edward"]
[Result "0-1"]
[WhiteElo "1977"]
[BlackElo "1962"]
[PlyCount "44"]
[EventDate "2006.10.20"]
[EventType "tourn"]
[EventRounds "5"]
[EventCountry "CAN"]

1. e4 e5 2. Nf3 Nf6 3. Nxe5 d6 4. Nf3 Nxe4 5. c4 Nc6 6. d4 d5 7. c5 Bg4 8. Be2
Be7 9. Nc3 O-O 10. O-O Bf6 11. Be3 Qd7 12. h3 Be6 13. Bd3 Nxc5 14. dxc5 d4 15.
Bg5 dxc3 16. Bxf6 gxf6 17. Qc2 Nb4 18. Bxh7+ Kg7 19. Qe4 cxb2 20. Rad1 Nd5 21.
Nh4 Nc3 22. Rxd7 Nxe4 0-1

[Event "ThanksGibbons A"]
[Site "Winnipeg CAN"]
[Date "2006.10.22"]
[Round "4"]
[White "Nikouline, Alexandre"]
[Black "Kaptsan, Aron"]
[Result "1/2-1/2"]
[WhiteElo "2037"]
[BlackElo "1910"]
[PlyCount "134"]
[EventDate "2006.10.20"]
[EventType "tourn"]
[EventRounds "5"]
[EventCountry "CAN"]

1. e4 e5 2. Nf3 Nc6 3. Bb5 a6 4. Ba4 Nf6 5. O-O Be7 6. Re1 b5 7. Bb3 d6 8. c3
O-O 9. d4 Bg4 10. d5 Na5 11. Bc2 Nc4 12. b3 Nb6 13. Nbd2 c6 14. c4 cxd5 15.
cxd5 Qc7 16. Bb2 Rfc8 17. Rc1 Nh5 18. h3 Bxf3 19. Nxf3 Nf4 20. Bd3 Qd7 21. Bf1
Rxc1 22. Qxc1 Rc8 23. Qe3 Qb7 24. Rc1 Nd7 25. g3 Ng6 26. Rxc8+ Qxc8 27. Qc3
Qxc3 28. Bxc3 Nc5 29. Nd2 Bg5 30. Bg2 Bd8 31. Bf1 Bb6 32. a4 bxa4 33. b4 Nb3
34. Nxb3 axb3 35. Bxa6 Bd4 36. Bxd4 exd4 37. f4 Nf8 38. Bd3 Nd7 39. Kf1 Nb6 40.
Ke2 f5 41. e5 b2 42. exd6 Kf8 43. Bxf5 g6 44. Bc2 Nxd5 45. b5 Ke8 46. Kd2 Kd7
47. f5 gxf5 48. Bxf5+ Kxd6 49. Bxh7 Nc3 50. b6 Kc6 51. h4 Kxb6 52. h5 Nb5 53.
Kc2 Nd6 54. Bg6 d3+ 55. Kxb2 Nc4+ 56. Kc3 Ne5 57. Bxd3 Kc5 58. Be4 Nf7 59. Kd3
Kd6 60. Bg6 Ne5+ 61. Ke4 Ke6 62. Kf4 Kf6 63. Bf5 Nf7 64. g4 Ng5 65. h6 Nf7 66.
h7 Kg7 67. Be6 Nh6 1/2-1/2

[Event "ThanksGibbons A"]
[Site "Winnipeg CAN"]
[Date "2006.10.22"]
[Round "4"]
[White "Zaczek, Jonathan"]
[Black "Oberton, Daniel"]
[Result "1-0"]
[WhiteElo "2073"]
[BlackElo "1866"]
[PlyCount "103"]
[EventDate "2006.10.20"]
[EventType "tourn"]
[EventRounds "5"]
[EventCountry "CAN"]

1. e4 c5 2. Nf3 d6 3. c3 Nf6 4. Bd3 g6 5. Bc2 Bg7 6. h3 O-O 7. O-O d5 8. e5
Nfd7 9. d4 cxd4 10. cxd4 Nc6 11. Nc3 e6 12. Bg5 f6 13. exf6 Nxf6 14. Re1 h6 15.
Bc1 g5 16. Ne5 Nxe5 17. dxe5 Nd7 18. Nxd5 Nxe5 19. Ne3 Qf6 20. Qe2 Bd7 21. Ng4
Nxg4 22. hxg4 Kh8 23. Be3 Qf7 24. Rad1 Bc6 25. Bb3 Bd5 26. Bxd5 exd5 27. Bd4
Bxd4 28. Rxd4 Rae8 29. Qd2 Rxe1+ 30. Qxe1 Re8 31. Qd2 Re5 32. f4 gxf4 33. Rxf4
Qe7 34. Rf5 Re6 35. Rxd5 Qh4 36. Rd8+ Kg7 37. Qd4+ Kf7 38. Qf4+ Kg7 39. Qf8+
Kg6 40. Qf5+ Kg7 41. Rd7+ Re7 42. Qe5+ Kf7 43. Qxe7+ Qxe7 44. Rxe7+ Kxe7 45.
Kf2 Kf6 46. Kf3 Ke5 47. Ke3 Ke6 48. Ke4 Kf6 49. Kf4 Kg6 50. Kg3 Kg5 51. Kh3 Kg6
52. Kh4 1-0

[Event "ThanksGibbons A"]
[Site "Winnipeg CAN"]
[Date "2006.10.22"]
[Round "5"]
[White "Kaptsan, Aron"]
[Black "Boron, Anthony"]
[Result "1-0"]
[WhiteElo "1910"]
[BlackElo "1977"]
[PlyCount "95"]
[EventDate "2006.10.20"]
[EventType "tourn"]
[EventRounds "5"]
[EventCountry "CAN"]

1. d4 Nf6 2. c4 e6 3. Nc3 Bb4 4. e3 b6 5. Nf3 Bb7 6. Be2 Ne4 7. Qb3 Bxc3+ 8.
bxc3 c5 9. O-O O-O 10. Ne1 Nc6 11. f3 Na5 12. Qa3 Nd6 13. dxc5 Ndxc4 14. Qb4
bxc5 15. Qxc5 d5 16. Rb1 Qd7 17. Rb5 Rfc8 18. Qb4 a6 19. Rxa5 Nxa5 20. Qxa5 Qc7
21. Qxc7 Rxc7 22. Bd2 a5 23. Nc2 Ba6 24. Bxa6 Rxa6 25. Rb1 h6 26. Kf2 Rc4 27.
Ke2 g5 28. Kd3 Kg7 29. e4 Ra4 30. exd5 Rxa2 31. Ne3 Kf6 32. c4 a4 33. Bc3+ Kg6
34. Rb2 Ra1 35. Nc2 Rd1+ 36. Ke2 Rg1 37. Ne1 exd5 38. cxd5 Rd6 39. Rd2 Rd8 40.
Kf2 Rh1 41. d6 Rd7 42. h3 h5 43. Bb4 g4 44. fxg4 hxg4 45. hxg4 Rh8 46. Nd3 f6
47. Nc5 Rdd8 48. d7 1-0

[Event "ThanksGibbons A"]
[Site "Winnipeg CAN"]
[Date "2006.10.22"]
[Round "5"]
[White "Oberton, Daniel"]
[Black "Nikouline, Alexandre"]
[Result "0-1"]
[WhiteElo "1866"]
[BlackElo "2037"]
[PlyCount "142"]
[EventDate "2006.10.20"]
[EventType "tourn"]
[EventRounds "5"]
[EventCountry "CAN"]

1. e4 c5 2. Nf3 e6 3. d4 cxd4 4. Nxd4 Nc6 5. Nc3 Qc7 6. Be3 a6 7. Be2 Nf6 8.
Qd2 b5 9. a3 Be7 10. O-O Bb7 11. f4 d6 12. Bf3 Rc8 13. Kh1 Na5 14. f5 Nc4 15.
Qc1 Nxb2 16. Ncxb5 axb5 17. Qxb2 e5 18. Qxb5+ Qd7 19. Qxd7+ Kxd7 20. Ne2 Bxe4
21. Bxe4 Nxe4 22. Rfc1 Rc4 23. Ng3 Nxg3+ 24. hxg3 Rhc8 25. a4 d5 26. Bb6 Kc6
27. Rcb1 Ra8 28. a5 Ra6 29. Rb2 Bc5 30. Rab1 Bxb6 31. Rxb6+ Rxb6 32. Rxb6+ Kc7
33. Rb5 Rxc2 34. Rxd5 f6 35. Rb5 Rc6 36. Rb4 h5 37. Rh4 Kb7 38. Rxh5 Ka6 39.
Rh7 Rc7 40. g4 Kxa5 41. Kg1 Kb5 42. g5 fxg5 43. Rh5 Kc4 44. Rxg5 e4 45. Kf2 Kd4
46. Ke2 Ra7 47. Rg6 Ke5 48. g4 Kf4 49. f6 Ra2+ 50. Ke1 Ke3 51. Kd1 Kd3 52. Kc1
gxf6 53. Rxf6 Ra1+ 54. Kb2 Rg1 55. Rd6+ Ke3 56. Kc2 Rxg4 57. Kc3 Rg2 58. Re6
Rg8 59. Kc2 Rd8 60. Kc1 Kf3 61. Rf6+ Ke2 62. Re6 e3 63. Kc2 Rc8+ 64. Kb2 Kf2
65. Rf6+ Ke1 66. Re6 e2 67. Rf6 Rc5 68. Rf7 Kd2 69. Rd7+ Ke3 70. Re7+ Kd3 71.
Re8 Rc4 0-1

[Event "ThanksGibbons A"]
[Site "Winnipeg CAN"]
[Date "2006.10.22"]
[Round "5"]
[White "Tang, Edward"]
[Black "Zaczek, Jonathan"]
[Result "1/2-1/2"]
[WhiteElo "1962"]
[BlackElo "2073"]
[PlyCount "124"]
[EventDate "2006.10.20"]
[EventType "tourn"]
[EventRounds "5"]
[EventCountry "CAN"]

1. d4 Nf6 2. c4 g6 3. Nc3 d5 4. Nf3 Bg7 5. Bg5 Ne4 6. cxd5 Nxg5 7. Nxg5 e6 8.
Nf3 exd5 9. b4 O-O 10. e3 c6 11. Be2 Be6 12. O-O Nd7 13. Qb3 b5 14. a4 a6 15.
Ra2 Nb6 16. Rfa1 Qc7 17. Ne1 Rfb8 18. Nd3 Bf8 19. axb5 axb5 20. Nc5 Rxa2 21.
Rxa2 Bxc5 22. bxc5 Nc4 23. Qb4 Qb7 24. h3 Ra8 25. Rxa8+ Qxa8 26. Bxc4 bxc4 27.
Kh2 Bc8 28. e4 Qb7 29. Qxb7 Bxb7 30. exd5 cxd5 31. Kg3 f6 32. Kf4 Kf7 33. g4
g5+ 34. Ke3 Ke7 35. f4 Bc6 36. f5 Kd7 37. Kd2 Kc7 38. Ne2 Kd7 39. Kc3 Bb7 40.
Kb4 Bc6 41. Ng3 Kd8 42. Nh5 Ke7 43. Ng7 Bd7 44. Nh5 Be8 45. Ng3 Kd8 46. Nf1 Kc7
47. Ne3 Bc6 48. Ka5 Bb7 49. Nc2 Bc6 50. Kb4 Be8 51. Ne1 Kc6 52. Nf3 h5 53. Ne1
h4 54. Nc2 Kc7 55. Ka5 Bc6 56. Nb4 Kb7 57. Nc2 Kc7 58. Kb4 Bd7 59. Ka5 Bc6 60.
Nb4 Kb7 61. Na6 Bd7 62. Nb4 Bc6 1/2-1/2

[Event "ThanksGibbons B"]
[Site "Winnipeg CAN"]
[Date "2006.10.20"]
[Round "1"]
[White "Khedkar, Jay"]
[Black "Adol, Deng"]
[Result "1-0"]
[WhiteElo "1814"]
[BlackElo "1782"]
[PlyCount "101"]
[EventDate "2006.10.20"]
[EventType "tourn"]
[EventRounds "5"]
[EventCountry "CAN"]

1. d4 d5 2. Nf3 h6 3. c4 dxc4 4. Qa4+ c6 5. Qxc4 Be6 6. Qc2 g6 7. Nc3 Bg7 8. e3
Na6 9. Bxa6 bxa6 10. Qa4 Qb6 11. O-O Nf6 12. Ne5 Rc8 13. Rd1 O-O 14. Nd3 Nd5
15. Nc5 a5 16. Nxe6 fxe6 17. Ne4 Qb5 18. Qxb5 cxb5 19. Nc5 Rc6 20. Bd2 a4 21.
Rac1 Rfc8 22. Nxe6 Rxc1 23. Rxc1 Rxc1+ 24. Bxc1 Nb4 25. Nc5 Nxa2 26. Bd2 e5 27.
d5 e4 28. d6 Kf7 29. d7 Bf6 30. Ba5 Nc1 31. Nxe4 Be7 32. d8=Q Bxd8 33. Bxd8 b4
34. Bf6 Nb3 35. Kf1 Nd2+ 36. Nxd2 Kxf6 37. Ke2 a3 38. bxa3 bxa3 39. Kd3 a5 40.
Kc2 a4 41. Kb1 g5 42. Ka2 g4 43. Kxa3 h5 44. Kxa4 h4 45. Kb5 Ke5 46. Kc5 g3 47.
fxg3 hxg3 48. h4 Ke6 49. h5 Ke5 50. Nf3+ Ke4 51. h6 1-0

[Event "ThanksGibbons B"]
[Site "Winnipeg CAN"]
[Date "2006.10.20"]
[Round "1"]
[White "Prince, Colin"]
[Black "Greenberg, Harley"]
[Result "1-0"]
[WhiteElo "1829"]
[BlackElo "1796"]
[PlyCount "71"]
[EventDate "2006.10.20"]
[EventType "tourn"]
[EventRounds "5"]
[EventCountry "CAN"]

1. e4 c5 2. Nf3 Nc6 3. d4 cxd4 4. Nxd4 Nf6 5. Nc3 e5 6. Ndb5 d6 7. Nd5 Nxd5 8.
exd5 Nb8 9. c4 Nd7 10. Bd3 a6 11. Nc3 Nf6 12. O-O Be7 13. h3 O-O 14. f4 exf4
15. Rxf4 g6 16. Rf1 Nd7 17. Bh6 Qb6+ 18. Kh1 Qxb2 19. Bxf8 Bxf8 20. Ne4 Qe5 21.
Qf3 f5 22. Rae1 Qg7 23. Ng5 Ne5 24. Qg3 Be7 25. Be2 Bd7 26. Nf3 Bf6 27. Rb1 b5
28. cxb5 axb5 29. Bxb5 f4 30. Qxf4 Bf5 31. Rbe1 Rxa2 32. Nd4 Qb7 33. Nxf5 Qxd5
34. Nh6+ Kg7 35. Qxf6+ Kxh6 36. Qf8+ 1-0

[Event "ThanksGibbons B"]
[Site "Winnipeg CAN"]
[Date "2006.10.20"]
[Round "1"]
[White "Silva, T Romeo"]
[Black "Cleto, Sam"]
[Result "1/2-1/2"]
[WhiteElo "1785"]
[BlackElo "1796"]
[PlyCount "151"]
[EventDate "2006.10.20"]
[EventType "tourn"]
[EventRounds "5"]
[EventCountry "CAN"]

1. Nf3 d5 2. d4 Nf6 3. c4 e6 4. cxd5 exd5 5. g3 Bb4+ 6. Bd2 Qe7 7. Nc3 O-O 8.
Bg2 Re8 9. e3 Bg4 10. Qc2 Nc6 11. O-O Bxc3 12. bxc3 Ne4 13. Bc1 Qe6 14. Re1 Qf6
15. Nh4 Bd7 16. Rf1 Na5 17. a4 Nc4 18. Nf3 Bf5 19. Nh4 Nxg3 20. Nxf5 Nxf5 21.
Qe2 Nh4 22. f4 Nxg2 23. Kxg2 Qg6+ 24. Kh1 Qe4+ 25. Qf3 Nxe3 26. Bxe3 Qxe3 27.
Qxd5 Qxc3 28. Rac1 Qd3 29. Qxb7 Qxd4 30. Rxc7 Qe4+ 31. Qxe4 Rxe4 32. a5 Ra4 33.
Rc5 Re8 34. f5 f6 35. Rb1 Ra2 36. Rc7 g5 37. fxg6 hxg6 38. Rxa7 Kf8 39. a6 Re7
40. Rxe7 Kxe7 41. Rb7+ Ke6 42. a7 f5 43. Rb6+ Kf7 44. Rb7+ Kf6 45. h4 f4 46.
Kg1 Ke6 47. Kf1 Kf5 48. Ke1 f3 49. Rb5+ Kf4 50. Rg5 Rxa7 51. Rxg6 Re7+ 52. Kf2
Re2+ 53. Kg1 Ke3 54. Re6+ Kd2 55. Rf6 Re1+ 56. Kf2 Rh1 57. Rf4 Rh3 58. Rd4+ Kc3
59. Ra4 Kd3 60. Rf4 Kd2 61. Rd4+ Kc3 62. Ra4 Kd2 63. Rd4+ Kc3 64. Ra4 Kc2 65.
Rf4 Kd1 66. Ra4 Kc2 67. Ra2+ Kc3 68. Ra3+ Kc4 69. Ra4+ Kd5 70. h5 Ke5 71. Ra6
Kf5 72. h6 Kg5 73. h7 Kg4 74. Rg6+ Kf5 75. Rg7 Kf6 76. Rg8 1/2-1/2

[Event "ThanksGibbons B"]
[Site "Winnipeg CAN"]
[Date "2006.10.21"]
[Round "2"]
[White "Adol, Deng"]
[Black "Cleto, Sam"]
[Result "0-1"]
[WhiteElo "1782"]
[BlackElo "1796"]
[PlyCount "113"]
[EventDate "2006.10.20"]
[EventType "tourn"]
[EventRounds "5"]
[EventCountry "CAN"]

1. e4 c5 2. d3 Nc6 3. Be3 Nf6 4. h3 e5 5. Nc3 Be7 6. Qd2 O-O 7. O-O-O a6 8. Nd5
b5 9. Nxe7+ Qxe7 10. g4 Qe6 11. Kb1 Nb4 12. b3 d6 13. g5 Nd7 14. h4 a5 15. h5
a4 16. Bh3 Qe8 17. g6 axb3 18. gxh7+ Kh8 19. axb3 Qd8 20. Qc3 Na2 21. Qb2 b4
22. Bd2 Qa5 23. Ne2 Nf6 24. Bxc8 Rfxc8 25. Rhg1 Ra7 26. c3 Rca8 27. c4 Kxh7 28.
f4 Nc3+ 29. Nxc3 Qa1+ 30. Kc2 Qxb2+ 31. Kxb2 bxc3+ 32. Kxc3 Rb7 33. fxe5 dxe5
34. h6 g6 35. Ra1 Rab8 36. Rgb1 Ng4 37. Ra3 Rd8 38. Rf1 Rbd7 39. Rf3 f5 40. Bg5
Rf8 41. Ra2 f4 42. Rg2 Ne3 43. Rxe3 fxe3 44. Bxe3 Rf3 45. Kd2 Rb7 46. Ke2 Rh3
47. Rf2 Rxb3 48. Rf7+ Kg8 49. Rg7+ Kh8 50. Bg5 Rc3 51. Kd2 Rhxd3+ 52. Ke2 Rh3
53. Bd2 Rh2+ 54. Ke1 Ra3 55. Kd1 Ra1+ 56. Kc2 Ra2+ 57. Kc3 0-1

[Event "ThanksGibbons B"]
[Site "Winnipeg CAN"]
[Date "2006.10.21"]
[Round "2"]
[White "Greenberg, Harley"]
[Black "Silva, T Romeo"]
[Result "0-1"]
[WhiteElo "1796"]
[BlackElo "1785"]
[PlyCount "42"]
[EventDate "2006.10.20"]
[EventType "tourn"]
[EventRounds "5"]
[EventCountry "CAN"]

1. d4 Nf6 2. c4 e6 3. Nf3 d5 4. e3 c6 5. Bd3 Nbd7 6. O-O Bd6 7. Nbd2 O-O 8. Qc2
Re8 9. e4 dxe4 10. Nxe4 Nxe4 11. Bxe4 Nf6 12. Bg5 h6 13. Bh4 Be7 14. Bxf6 Bxf6
15. Rad1 Qa5 16. a3 Rb8 17. Rfe1 Bd7 18. Ne5 Bxe5 19. dxe5 Red8 20. c5 Be8 21.
Rd6 Qxe1# 0-1

[Event "ThanksGibbons B"]
[Site "Winnipeg CAN"]
[Date "2006.10.21"]
[Round "2"]
[White "Khedkar, Jay"]
[Black "Prince, Colin"]
[Result "1-0"]
[WhiteElo "1814"]
[BlackElo "1829"]
[PlyCount "57"]
[EventDate "2006.10.20"]
[EventType "tourn"]
[EventRounds "5"]
[EventCountry "CAN"]

1. d4 Nf6 2. Nf3 g6 3. c4 Bg7 4. Nc3 O-O 5. e4 d6 6. Be2 b6 7. O-O Bb7 8. d5
Nbd7 9. Be3 e6 10. Nd2 Re8 11. Rc1 Qe7 12. Bg5 Qf8 13. f4 a6 14. Bf3 Nc5 15.
Qc2 exd5 16. cxd5 a5 17. Nb5 Rac8 18. Rfe1 c6 19. Nxd6 Qxd6 20. e5 Qf8 21. exf6
Bh8 22. Nc4 Nd7 23. Rxe8 Rxe8 24. dxc6 Qc5+ 25. Qf2 Bxc6 26. Qxc5 Nxc5 27. Bxc6
Rc8 28. Nxb6 Rxc6 29. Nd7 1-0

[Event "ThanksGibbons B"]
[Site "Winnipeg CAN"]
[Date "2006.10.21"]
[Round "3"]
[White "Cleto, Sam"]
[Black "Greenberg, Harley"]
[Result "0-1"]
[WhiteElo "1796"]
[BlackElo "1796"]
[PlyCount "70"]
[EventDate "2006.10.20"]
[EventType "tourn"]
[EventRounds "5"]
[EventCountry "CAN"]

1. e4 c5 2. Ne2 Nc6 3. Nbc3 e5 4. Nd5 Nf6 5. Nec3 a6 6. Nxf6+ gxf6 7. Nd5 Bg7
8. c3 d6 9. Qh5 Be6 10. a4 Bxd5 11. exd5 Ne7 12. Be2 O-O 13. c4 f5 14. Ra3 Ng6
15. Rh3 h6 16. Qxf5 Qc8 17. Qxc8 Raxc8 18. d3 Kh7 19. g3 f5 20. O-O Rfe8 21.
Bh5 e4 22. Bxg6+ Kxg6 23. dxe4 Rxe4 24. b3 Rce8 25. Bf4 Bf8 26. Be3 b5 27. axb5
axb5 28. Rc1 Rb8 29. Kg2 bxc4 30. bxc4 h5 31. Rh4 Rxh4 32. gxh4 Be7 33. Kg3 Rb3
34. Re1 Bf6 35. Kg2 Be5 0-1

[Event "ThanksGibbons B"]
[Site "Winnipeg CAN"]
[Date "2006.10.21"]
[Round "3"]
[White "Prince, Colin"]
[Black "Adol, Deng"]
[Result "0-1"]
[WhiteElo "1829"]
[BlackElo "1782"]
[PlyCount "94"]
[EventDate "2006.10.20"]
[EventType "tourn"]
[EventRounds "5"]
[EventCountry "CAN"]

1. e4 e5 2. f4 exf4 3. Nf3 h6 4. Bc4 Nc6 5. d4 g5 6. c3 d6 7. O-O Bd7 8. b4 Qe7
9. Na3 O-O-O 10. Qa4 a6 11. Qc2 Na7 12. Qd3 Nf6 13. e5 Nh5 14. Rb1 Ng7 15. Qe2
Bf5 16. Nc2 d5 17. Bb3 Nb5 18. Bd2 Rg8 19. a4 Na7 20. c4 dxc4 21. Qxc4 Ne6 22.
d5 g4 23. Nfd4 Nxd4 24. Qxd4 Nc6 25. Qxf4 Bxc2 26. Bxc2 Nxe5 27. b5 Qc5+ 28.
Kh1 Bd6 29. Qf5+ Kb8 30. bxa6 b6 31. a5 Qxd5 32. axb6 Qxd2 33. a7+ Kb7 34. Qe4+
c6 35. Ba4 Qd5 36. Qc2 g3 37. Bb3 Qc5 38. Qa2 Rgf8 39. Ra1 Qxb6 40. Bxf7 Ka8
41. Rfb1 Bb4 42. Bc4 Rd4 43. Ba6 Ng4 44. hxg3 Nf2+ 45. Kh2 Qc7 46. Qa4 Rh4+ 47.
Kg1 Rh1# 0-1

[Event "ThanksGibbons B"]
[Site "Winnipeg CAN"]
[Date "2006.10.21"]
[Round "3"]
[White "Silva, T Romeo"]
[Black "Khedkar, Jay"]
[Result "1-0"]
[WhiteElo "1785"]
[BlackElo "1814"]
[PlyCount "63"]
[EventDate "2006.10.20"]
[EventType "tourn"]
[EventRounds "5"]
[EventCountry "CAN"]

1. d4 Nf6 2. c4 e6 3. a3 b6 4. Bg5 Be7 5. Nf3 O-O 6. e3 Bb7 7. Be2 Ne4 8. Bxe7
Qxe7 9. O-O f5 10. Nbd2 d6 11. Rc1 Nd7 12. d5 e5 13. Nxe4 fxe4 14. Nd2 Nf6 15.
Qc2 c6 16. Nxe4 cxd5 17. Nxf6+ Qxf6 18. cxd5 Rac8 19. Bc4 b5 20. Qb3 Ba6 21.
Bxb5 Rxc1 22. Rxc1 Qxf2+ 23. Kh1 Qd2 24. Rg1 Bxb5 25. Qxb5 Qxe3 26. Qd7 Qb6 27.
Qe6+ Kh8 28. h3 Qd8 29. Rc1 Re8 30. Qf7 e4 31. Rc7 Rg8 32. Re7 1-0